| 000 | 02307cam a2200433 i 4500 | ||
|---|---|---|---|
| 001 | 13895184 | ||
| 003 | EG-ScBUE | ||
| 005 | 20240602093033.0 | ||
| 008 | 050310t2005 nyua f b 001 0beng d | ||
| 020 | _a0745635725 | ||
| 020 | _a9780745635729 | ||
| 040 |
_aDLC _beng _erda _cDLC _dDLC _dEG-ScBUE |
||
| 041 | 1 |
_aeng _hfre |
|
| 082 | 0 | 4 |
_a956.70443092 _bBRI _222 |
| 100 | 1 |
_aBrisard, Jean-Charles, _eauthor. |
|
| 240 | 1 | 0 |
_aZarkaoui, le nouveau visage d'al Qaida. _lEnglish |
| 245 | 1 | 0 |
_aZarqawi : _bthe new face of al-Qaeda / _cJean-Charles Brisard with Damien Martinez. |
| 264 | 1 |
_aNew York : _bPolity, _c[2005] |
|
| 264 | 4 | _cc2005 | |
| 300 |
_axi, 283 pages : _billustrations ; _c23 cm |
||
| 336 |
_2rdacontent _atext _btxt |
||
| 337 |
_aunmediated _2rdamedia _bn |
||
| 338 |
_avolume _bnc _2rdacarrier |
||
| 504 | _aIncludes bibliographical references and index. | ||
| 505 | 0 | _aPart I. Genesis of a terrorist: Zarqa and the Zarqawi tribe -- "The green man" -- The great departure -- Return to Jordan -- At Suwaqah, the desert prison. -- Part II. Full-time terrorist: A new departure -- Entering Al-Qaeda -- Origins of the Zarqawi network -- A regional terrorist -- Escape -- Part III. Zarqawi's Iraq -- Terrorist Iraq: from myth to reality -- From the Taliban to Kurdistan -- War leader in Kurdistan -- The confusing stakes in Iran -- Tawhid wal Jihad -- Terror -- The hostage strategy -- Al-Qaeda yields -- Part IV. A global network -- From Kurdistan to Germany -- The group of "Italians" -- Chemical threats to Europe -- A shadow over Madrid -- Syria: rear base -- France in the Islamist trap -- Conclusion: A successor to Bin Laden? | |
| 546 | _aText in English ; translated from the original French. | ||
| 600 | 1 | 7 |
_aZarqåawåi, Abåu Muòsāab, _d1966-2006. _2BUEsh |
| 610 | 2 | 7 |
_aQaida (Organization) _2BUEsh |
| 650 | 7 |
_aTerrorists _vBiography. _2BUEsh |
|
| 650 | 7 |
_aTerrorism _zMiddle East. _2BUEsh |
|
| 650 | 7 |
_aTerrorism _zEurope. _2BUEsh |
|
| 650 | 0 |
_aTerrorism _zUnited States. _2BUEsh |
|
| 651 | _2BUEsh | ||
| 655 | _vReading book | ||
| 700 | 1 |
_aMartinez, Damien, _eauthor. |
|
| 856 | 4 | 1 |
_3Table of contents _uhttp://www.loc.gov/catdir/toc/ecip059/2005006964.html |
| 942 |
_2ddc _cBB |
||
| 999 |
_c10545 _d10545 |
||